| 000 | 01233nam a2200397Ia 4500 | ||
|---|---|---|---|
| 003 | GCL | ||
| 008 | 140319s9999 xx 000 0 ara d | ||
| 040 |
_aGCL / _cGCL |
||
| 082 | 0 | 4 |
_a809.2 _bر ن |
| 100 | 1 | _aرشاد رشدى | |
| 245 | 1 | 0 |
_aنظرية الدراما من ارسطو الى الان : دراسة تحليلية للدراما اشكالها وتطورها / _cرشاد رشدى |
| 300 | _a288 ص | ||
| 490 | _a | ||
| 650 | 0 | 4 | _aالواقعية |
| 650 | 0 | 4 | _aالمسرح |
| 650 | 0 | 4 | _aالمسرحية |
| 650 | 0 | 4 | _aارسطو |
| 650 | 0 | 4 | _aالرمزية |
| 650 | 0 | 4 | _aالتعبيرية |
| 650 | 0 | 4 | _aالمأساة |
| 650 | 0 | 4 | _aالملهاة |
| 650 | 0 | 4 | _aالرومانتيكية فى الادب |
| 650 | 0 | 4 | _aانطون تشيخوف |
| 650 | 0 | 4 | _aبريخت |
| 650 | 0 | 4 | _aشكسبير، ويليام |
| 650 | 0 | 4 | _aالمسرحيات - تاريخ ونقد |
| 650 | 0 | 4 | _aالمسرح - نقد |
| 650 | 0 | 4 | _aالمؤلفون والمسرح |
| 650 | 0 | 4 | _aاللامعقولية فى الادب |
| 650 | 0 | 4 | _aهوراس |
| 650 | 0 | 4 | _aوليامز، تنيسى |
| 650 | 0 | 4 | _aيونسكو |
| 650 | 0 | 4 | _aبرناردشو |
| 650 | 0 | 4 | _aابسن، هنريك |
| 942 |
_2ddc _cBK |
||
| 999 |
_c39672 _d39672 |
||